Phân tích các nhân tố ảnh hưởng đến quyết định gửi tiền của khách hàng cá nhân vào Ngân hàng Thương mại Cổ phần Sài Gòn, chi nhánh Cần Thơ : Luận văn thạc sĩ kinh tế. Chuyên ngành Tài chính - Ngân hàng

Phân tích mức độ của các nhân tố ảnh hưởng đến quyết định gởi tiền của khách hành cá nhân vào Ngân hàng Thương mại cổ phần Sài Gòn tại Cần Thơ và đề xuất các giải pháp thu hút tiền gửi của khách hàng cá nhân vào hệ thống ngân hàn...

Ful tanımlama

Kaydedildi:
Detaylı Bibliyografya
Yazar: Phan, Thị Ngọc Đăng
Materyal Türü: Kitap
Dil:Undetermined
Baskı/Yayın Bilgisi: Cần Thơ Trường Đại học Cần Thơ 2016
Konular:
Etiketler: Etiketle
Etiket eklenmemiş, İlk siz ekleyin!
Thư viện lưu trữ: Trung tâm Học liệu Trường Đại học Cần Thơ
LEADER 01351nam a2200217Ia 4500
001 CTU_212326
008 210402s9999 xx 000 0 und d
082 |a 332.12 
082 |b Đ116 
088 |a 60340201 
100 |a Phan, Thị Ngọc Đăng 
245 0 |a Phân tích các nhân tố ảnh hưởng đến quyết định gửi tiền của khách hàng cá nhân vào Ngân hàng Thương mại Cổ phần Sài Gòn, chi nhánh Cần Thơ : 
245 0 |b Luận văn thạc sĩ kinh tế. Chuyên ngành Tài chính - Ngân hàng 
245 0 |c Phan Thị Ngọc Đăng ; Bùi Văn Trịnh (Cán bộ hướng dẫn) 
260 |a Cần Thơ 
260 |b Trường Đại học Cần Thơ 
260 |c 2016 
520 |a Phân tích mức độ của các nhân tố ảnh hưởng đến quyết định gởi tiền của khách hành cá nhân vào Ngân hàng Thương mại cổ phần Sài Gòn tại Cần Thơ và đề xuất các giải pháp thu hút tiền gửi của khách hàng cá nhân vào hệ thống ngân hàng này 
650 |a Nghiệp vụ ngân hàng thương mại,Commercial banking 
904 |i Nguyên 
980 |a Trung tâm Học liệu Trường Đại học Cần Thơ